Watts pocket handbook 2012 (Record no. 113318)

MARC details
000 -LEADER
fixed length control field 01095cam a22003015a 4500
001 - CONTROL NUMBER
control field L155093
008 - FIXED-LENGTH DATA ELEMENTS--GENERAL INFORMATION
fixed length control field 100303s2011 xxk f 001 0 eng d
020 ## - INTERNATIONAL STANDARD BOOK NUMBER
International Standard Book Number 9781842197257
035 ## - SYSTEM CONTROL NUMBER
System control number (Sirsi) u155093
041 0# - LANGUAGE CODE
Language code of text/sound track or separate title eng
050 04 - LIBRARY OF CONGRESS CALL NUMBER
Classification number 690.2 $2 18
110 2# - MAIN ENTRY--CORPORATE NAME
Corporate name or jurisdiction name as entry element Watts Group Plc
9 (RLIN) 5510
245 00 - TITLE STATEMENT
Title Watts pocket handbook 2012
250 ## - EDITION STATEMENT
Edition statement 28th ed.
260 ## - PUBLICATION, DISTRIBUTION, ETC.
Place of publication, distribution, etc. London
Name of publisher, distributor, etc. RICS
Date of publication, distribution, etc. 2012
300 ## - PHYSICAL DESCRIPTION
Extent viii, 476p.
Dimensions 18cm.
350 ## - PRICE (NR) (BK AM CF MU VM SE) [OBSOLETE]
Price 27.95
505 2# - FORMATTED CONTENTS NOTE
Formatted contents note Property investment and ownership -- Maintenance management -- Development and procurement -- Legislation -- Design -- Materials and defects -- Sustainability -- Useful resources -- Index -- Watts Group directory
520 ## - SUMMARY, ETC.
Summary, etc. 2012 edition of this annual publication providing legal and technical advice and guidance for those working in property and construction.
520 ## - SUMMARY, ETC.
Summary, etc. Supersedes 27th edition (ISBN 9781842196373 ).
520 ## - SUMMARY, ETC.
Summary, etc. Superseded by 29th edition (ISBN 9781315619583)
521 ## - TARGET AUDIENCE NOTE
Target audience note Advanced
590 ## - LOCAL NOTE (RLIN)
Local note KA
651 #4 - SUBJECT ADDED ENTRY--GEOGRAPHIC NAME
Geographic name United Kingdom
Chronological subdivision
690 ## - LOCAL SUBJECT ADDED ENTRY--TOPICAL TERM (OCLC, RLIN)
Topical term or geographic name as entry element BUILT ENVIRONMENT
942 ## - ADDED ENTRY ELEMENTS (KOHA)
Suppress in OPAC 0
Holdings
Withdrawn status Lost status Source of classification or shelving scheme Damaged status Not for loan Home library Current library Shelving location Date acquired Total Checkouts Full call number Barcode Date last seen Copy number Price effective from Koha item type
    Dewey Decimal Classification     Archives Archives Books 29/02/2012   690.2 WAT 30077295 06/08/2019 1 06/08/2019 Book
    Dewey Decimal Classification     London London Basement 29/02/2012   BASEMENT SHELF 61 30077303 06/08/2019 2 06/08/2019 Book